Historia 2 : el mundo contemporáneo (desde el siglo xv hasta comienzos del siglo xix) /
Guardado en:
| Autor Principal: | |
|---|---|
| Otros Autores: | , , |
| Formato: | Libro |
| Publicado: |
Buenos Aires :
Santillana, 1996.
|
| Series: | Secundaria
|
| Materias: | |
| Etiquetas: |
Agregar Etiqueta
Sin Etiquetas, Sea el primero en etiquetar este registro!
|
| LEADER | 02510nam a22003135a 4500 | ||
|---|---|---|---|
| 001 | CEM.cems009252 | ||
| 008 | 130507b1996##################000#0#####d | ||
| 005 | 20210930190122.0 | ||
| 003 | CEMS | ||
| 245 | 1 | 0 | |a Historia 2 : |b el mundo contemporáneo (desde el siglo xv hasta comienzos del siglo xix) / |c Omar H. Bagnoli ... [et Al.] |
| 260 | |a Buenos Aires : |b Santillana, 1996. | ||
| 300 | |a 207 p. | ||
| 490 | 0 | |a Secundaria | |
| 505 | 0 | |a La transición al mundo moderno -- El Renacimiento -- El arte del Renacimiento -- Mundo feudal y burguesía comercial -- La vida cotidiana en el Renacimiento -- La expansión europea -- Un nuevo mundo -- Las culturas indígenas de América -- Portugal y España hacia las Indias -- La conquista española en América -- Europa en el siglo XVI -- El predominio español -- La crisis religiosa -- El combate contra la hegemonía española -- El imperio español en América -- La organización del imperio -- La sociedad colonial -- Europa en el silo XVII -- El estado absolutista -- Conflictos y hegemonías -- La sociedad europea -- La cultura del Barroco -- Los imperios coloniales en el siglo XVII -- Los portugueses en el Brasil -- Los nuevos imperios coloniales -- Las colonias españolas en el siglo XVII -- El Siglo de las Luces -- Las ideas -- Los hechos de la política -- Imágenes propias, imágenes de los otros -- Reforma y crisis en el mundo colonial americano -- Los imperios ibéricos en el siglo XVIII -- Tensiones y conflictos -- Las revoluciones -- La revolución industrial -- La independencia de los Estados Unidos -- La revolución francesa -- Las independencias hispanoamericanas -- Las revoluciones por la independencia -- La Revolución en el Río de la Plata | |
| 020 | |a 9504603149 | ||
| 100 | 1 | |a Bagnoli, Omar H. | |
| 700 | 1 | |a Paz, Gustavo L. | |
| 700 | 1 | |a Cattaruzza, Alejandro | |
| 700 | 1 | |a Manzi, Ofelia | |
| 082 | 0 | 4 | |a Z940.2 |
| 653 | |a Historia | ||
| 653 | |a Historia-er. ciclo egb | ||
| 859 | |a CEMS |b BIB. CEMS - Agricultura |h 940.2 |i B146 |p A18864.96 |t Ej.1 | ||
| 859 | |a CEMS |b BIB. CEMS - 11 de abril |h 940.2 |i B146 |p 18811.96 |t Ej.1 |v II |3 II | ||
| 859 | |a CEMS |b BIB. CEMS - 11 de abril |h 940.2 |i B146 |p 18922.96 |t Ej.2 |v II |3 II | ||
| 859 | |a CEMS |b BIB. CEMS - 11 de abril |h 940.2 |i B146 |p 19168.97 |t Ej.3 |v II |3 II | ||
| 859 | |a CEMS |b BIB. CEMS - 11 de abril |h 940.2 |i B146 |p 19169.97 |t Ej.4 |v II |3 II | ||
| 859 | |a CEMS |b BIB. CEMS - 11 de abril |h 940.2 |i B146 |p 19170.97 |t Ej.5 |v II |3 II | ||
| 859 | |a CEMS |b BIB. CEMS - 11 de abril |h 940.2 |i B146 |p 15372.89 |t Ej.6 |v II |3 II | ||
